| 000 | 01841nam0a2200373 4500 | ||
|---|---|---|---|
| 001 | RU\NLR\bibl\55257 | ||
| 005 | 20260406045025.0 | ||
| 010 |
_a5-230-19438-3 _9130 |
||
| 021 |
_aRU _b98-3137 _9153 |
||
| 035 | _a(NLR Aleph) 000053878 | ||
| 090 |
_a290127 _c290127 |
||
| 100 | _a19991027d1997 |||y0rusy50 ca | ||
| 101 | 0 | _arus | |
| 102 | _aRU | ||
| 105 | _aa ||||||||| | ||
| 200 | 1 |
_aИнженерные методы расчета промезания и протаивания торфяных и заторфованных грунтов _fВ.А. Миронов, Р.А. Испирян, В.А. Журавлев, А.В. Клингер _gМ-во общ. и проф. образования Рос. Федерации, Твер. гос. техн. ун-т |
|
| 210 |
_aТверь _cТГТУ _d1997 |
||
| 215 |
_a100 _cил. _d20 |
||
| 320 | _aБиблиогр.: с. 89-97 (104 назв.) | ||
| 606 | 0 |
_aТорфяные грунты _xФизико-механические свойства _91873677 _3RU\NLR\auth\661141639 |
|
| 606 | 0 |
_aЗаторфованные грунты _xФизико-механические свойства _92150237 _3RU\NLR\auth\661295003 |
|
| 686 | _aН623.091 | ||
| 686 | _aН581.256 | ||
| 701 | 1 |
_4070 _8rus _7ca _aМиронов _bВ. А. _cд-р техн. наук _f1939- _gВячеслав Александрович _3RU\NLR\auth\774782 _9114757 |
|
| 701 | 1 |
_aИспирян _bР. А. _gРафаил Ашотович _4070 |
|
| 701 | 1 |
_aЖуравлев _bВ. А. _gВасилий Александрович _4070 |
|
| 701 | 1 |
_aКлингер _bА. В. _gАлексей Викторович _4070 |
|
| 801 | 0 |
_aRU _bNLR _c19991027 _gPSBO |
|
| 801 | 1 |
_aRU _bNLR _c19991027 |
|
| 830 | _aАвт. раскрыты по кн. | ||
| 852 |
_aNLR _j99-4/4588 |
||
| 942 | _cBOOK | ||
| 980 | _aNB | ||